Povídky : soubor textů otce a dcery /
K otcovým dvěma povídkám ze sbírky Démanty noci připojila dcera Eva své dvě povídky o nedořešitelném vztahu ženy k muži umělci.
Uloženo v:
| Hlavní autor: | |
|---|---|
| Další autoři: | |
| Médium: | E-kniha |
| Jazyk: | Czech |
| Vydáno: |
Praha :
Mladá fronta,
2011
|
| Vydání: | V tomto souboru 1. vyd. |
| Témata: | |
| Tagy: |
Žádné tagy |
| LEADER | 03195nam a2200385 a 4500 | ||
|---|---|---|---|
| 001 | 310982 | ||
| 003 | CZ PrSKC | ||
| 005 | 20260601215657.0 | ||
| 007 | ta | ||
| 008 | 111125s2011 xr g 000 j cze | ||
| 015 | |a cnb002256496 | ||
| 020 | |a 9788020425317 |q (váz.) | ||
| 035 | |a (OCoLC)776507891 | ||
| 040 | |a BOA001 |b cze | ||
| 072 | 7 | |a 821.162.3-3 |x Česká próza |2 Konspekt | |
| 080 | |a 821.162.3-32 |2 MRF | ||
| 080 | |a (0:82-32) |2 MRF | ||
| 080 | |a (082.21) |2 MRF | ||
| 100 | 1 | |a Lustig, Arnošt, |d 1926-2011 |7 jk01072683 |4 aut | |
| 245 | 1 | 0 | |a Povídky : |b [soubor textů otce a dcery] / |c Arnošt Lustig + Eva Lustigová |
| 250 | |a V tomto souboru 1. vyd. | ||
| 260 | |a Praha : |b Mladá fronta, |c 2011 | ||
| 300 | |a 148 s. ; |c 21 cm | ||
| 520 | 2 | |a K otcovým dvěma povídkám ze sbírky Démanty noci připojila dcera Eva své dvě povídky o nedořešitelném vztahu ženy k muži umělci. | |
| 520 | 2 | |a Pro dceřinu ideu vydat společnou knihu povídek vybral autor své dvě rané práce, které patří k vrcholu jeho tvorby: "Poslední den ohňů" a "Chvíle hned po ránu". Zpracovává v nich své "základní" téma: obyčejné, zdánlivě nehrdinské lidské charaktery lidí prakticky bezbranných konfrontované s mezní životní situací - a osvědčující se v ní - zde příběhy nedospělých chlapců: během povstání ve Varšavském ghehu a během pražského povstání, po návratu z koncentráku, na zdánlivém konci utrpení. Působivosti autor dosahuje střízlivou dramatičností a zejména věcností, s níž drastické, lidsky nepředstavitelné a nesdělitelné situace líčí jako každodenní, běžnou zkušenost. Texty dcery Evy mají s otcovým psaním společné to, že jsou také do jisté míry autobiografické. V obou povídkách se řeší dlouholetý nedořešený a nedořečený vztah galeristky Chavy ke staršímu umělci, malíři Chaimovi. Protagonisté vedou dlouhé hluboké dialogy plné oduševnělých básnivých přirovnání, metafor a šifer, i vnitřní monology o tom, jak se od sebe nemohou odpoutat, ani zůstat spolu. Působivost těchto textů je poněkud sporná. Papírová hlubokomyslnost dialogů až k samé hranici srozumitelnosti ztěžuje čitelnost, z textu je také poznatelné, že se autorka s češtinou pouze setkává ("Spolkl naprázdno." "průřez sochami Chaima", "Zlatá ústa" (místo "zlatá slova" - apod... ), výraznější redaktorská práce by tak textům rozhodně prospěla... | |
| 655 | 7 | |a české povídky |7 fd133971 |2 czenas | |
| 655 | 7 | |a výbory |7 fd133853 |2 czenas | |
| 655 | 9 | |a Czech short stories |2 eczenas | |
| 655 | 9 | |a selected works |2 eczenas | |
| 700 | 1 | |a Lustigová, Eva, |d 1956- |7 xx0105521 |4 aut | |
| 900 | |a ABA001 |b 17 | ||
| 044 | |a xr | ||
| 910 | |a RBIT002 | ||
| 998 | |d 180502 |a https://core.palmknihy.cz/api/books/180502/cover?si7m85 |b https://core.palmknihy.cz/api/books/180502/cover/400?si7m85 |c https://core.palmknihy.cz/api/books/180502/cover/50?si7m85 |e 2029-12-31 |g 152 |i 9788020425317 |j https://core.palmknihy.cz/api/books/180502/preview.epub |k https://core.palmknihy.cz/api/books/180502/preview.pdf |l |q 49 |r 1 |s https://www.palmknihy.cz/kniha/180502 |t ebook |y 2021 |z 0 | ||
| 999 | |d 310980 | ||